Warframe Quiz - Warframes - Statistics

General Stats
  • This quiz has been taken 571 times
  • The average score is 36 of 45
Answer Stats
Technique/Ability Answer % Correct
Electricity Volt
98%
Magnetic Mag
97%
Fire Ember
96%
Swordsman Excalibur
94%
Ice Frost
94%
Monkey King Wukong
94%
Rhinoceros Rhino
93%
Music Octavia
92%
Day & Night Equinox
90%
Gunslinger Mesa
90%
Necromancer Nekros
89%
Ninja Ash
88%
Glass Gara
88%
Sand Inaros
88%
Archer Ivara
88%
Earth Atlas
87%
Rift Limbo
87%
Infestation Nidus
87%
Blood Garuda
86%
Kinetic Energy Gauss
86%
Wind Zephyr
85%
Trickster Loki
84%
Elemental Power Chroma
83%
Hunger Grendel
83%
Fairy Titania
83%
Sound Banshee
82%
Water Hydroid
81%
Illusions Mirage
81%
Eidolon Revenant
81%
Monk Baruuk
79%
Disease Saryn
78%
Electromagnets Nova
77%
Combat Engineer Vauban
77%
Shield Maiden Hildryn
75%
Beserker Valkyr
73%
Alchemist & Serpentine Lavos
72%
Psychic Nyx
72%
Gadgets Protea
70%
Void Xaku
69%
Portal Wisp
66%
Monastic Harrow
63%
Inferno Nezha
61%
Paladin Oberon
60%
Metal Khora
51%
Trinity Healer
13%
No matching quizzes found
Score Distribution
Percent of People with Each Score
Percentile by Number Answered
Your Score History
You have not taken this quiz